|
|
|
|
| LEADER |
00826nam a22002412a 4500 |
| 001 |
000283414 |
| 003 |
CZ BrMZK |
| 005 |
20111102140110.0 |
| 007 |
ta |
| 008 |
980105s1979 xo f hun d |
| 040 |
|
|
|a BOA001
|b cze
|
| 080 |
9 |
|
|a 78:372:373.3
|
| 100 |
1 |
|
|a Varsányi, László
|7 jx20040728029
|4 aut
|
| 245 |
1 |
0 |
|a Zenei nevelés módszertani segédkönyv az alapiskola 4. osztálya számára /
|c Varszányi László, Mózsi Ferenc
|
| 250 |
|
|
|a 1. kiad.
|
| 260 |
|
|
|a Bratislava :
|b Slovenské pedagogické nakladateľstvo,
|c 1979
|
| 300 |
|
|
|a 135 s.
|
| 500 |
|
|
|a Souběžný slovenský název
|
| 700 |
1 |
|
|a Mózsi, Ferenc,
|d 1947-
|7 ola2003206389
|4 aut
|
| 910 |
|
|
|a BOA001
|b 2-0799.043
|
| 990 |
|
|
|a BK
|
| 991 |
|
|
|b 201110
|
| 996 |
7 |
|
|b 2619440457
|c 2-0799.043
|l MZK
|r Sklad / do 1 hodiny
|n 0
|w 000283414
|u 000010
|a 1
|e BOA001
|j MZK50
|s A
|